Determining base of the main sulphide zone using geophysical methods at Ngezi mine / (Record no. 172842)

MARC details
000 -LEADER
fixed length control field 01303nam a2200301 4500
003 - CONTROL NUMBER IDENTIFIER
control field NUST
005 - DATE AND TIME OF LATEST TRANSACTION
control field 20260508091634.0
008 - FIXED-LENGTH DATA ELEMENTS--GENERAL INFORMATION
fixed length control field 260508b |||||||| |||| 00| 0 eng d
040 ## - CATALOGING SOURCE
Original cataloging agency NUST
Language of cataloging eng
Transcribing agency NUST
Modifying agency NUST
Description conventions rda
050 ## - LIBRARY OF CONGRESS CALL NUMBER
Classification number QE431.2.Z55 SIA
100 ## - MAIN ENTRY--PERSONAL NAME
Personal name Siachingoma, Bernard.
Relator term author.
245 ## - TITLE STATEMENT
Title Determining base of the main sulphide zone using geophysical methods at Ngezi mine /
Statement of responsibility by Bernard Siachingoma.
260 ## - PUBLICATION, DISTRIBUTION, ETC.
Place of publication, distribution, etc. Bulawayo, Zimbabwe :
Name of publisher, distributor, etc. National University of Science and Technology ,
Date of publication, distribution, etc. ©2005.
300 ## - PHYSICAL DESCRIPTION
Extent vii, 95 pages :
Other physical details illustrations ;
Dimensions 30 cm.
336 ## - CONTENT TYPE
Source rdacontent
Content type term text
Content type code txt
337 ## - MEDIA TYPE
Source rdamedia
Media type term unmediated
Media type code n
338 ## - CARRIER TYPE
Source rdacarrier
Carrier type term volume
Carrier type code nc
500 ## -
Typescript A thesis submitted in partial fulfilment of the requirements of the Master of Science degree in Geophysics.
501 ## - STUDY LEVEL
-- (MSc in Geophysics) National University of Science and Technology, 2005.
504 ## - BIBLIOGRAPHY, ETC. NOTE
Bibliography, etc. note Includes bibliographical references.
650 ## - SUBJECT ADDED ENTRY--TOPICAL TERM
Topical term or geographic name entry element Geophysics
General subdivision Case studies
Geographic subdivision Zimbabwe.
650 ## - SUBJECT ADDED ENTRY--TOPICAL TERM
Topical term or geographic name entry element Mines and mineral resources
General subdivision Ngezi Mine
Geographic subdivision Zimbabwe.
650 ## - SUBJECT ADDED ENTRY--TOPICAL TERM
Topical term or geographic name entry element Sulphide ores
General subdivision Analysis.
650 ## - SUBJECT ADDED ENTRY--TOPICAL TERM
Topical term or geographic name entry element Theses
General subdivision Geology.
650 ## - SUBJECT ADDED ENTRY--TOPICAL TERM
Topical term or geographic name entry element Geophysical prospecting
Geographic subdivision Zimbabwe.
700 ## - ADDED ENTRY--PERSONAL NAME
Personal name Mrs K. Matcheva.
Relator term supervisor.
942 ## - ADDED ENTRY ELEMENTS (KOHA)
Source of classification or shelving scheme Library of Congress Classification
Suppress in OPAC No
Koha item type 3-Hour Loan Material
Classification part QE431.2.Z55
Call number prefix QE
Call number suffix SIA
999 ## -
-- 172842
-- 172842
Holdings
Withdrawn status Lost status Source of classification or shelving scheme Damaged status Not for loan Collection Home library Current library Shelving location Date acquired Cost, normal purchase price Total Checkouts Full call number Barcode Date last seen Accession number Cost, replacement price Price effective from Koha item type
    LCC     NFIC MAIN MAIN Special Collection 05/08/2026 15.00   QE431.2.Z55 SIA 92004056033 05/08/2026 SC24/1311 15.00 05/08/2026 3HOUR